书目信息 |
| 题名: |
封神演义 上
|
|
| 作者: | 许仲琳 编 | |
| 分册: | ||
| 出版信息: | 广州 花城出版社 |
|
| 页数: | 639页 | |
| 开本: | 32开 | |
| 丛书名: | ||
| 单 册: | ||
| 中图分类: | I242.4 | |
| 科图分类: | ||
| 主题词: | 小说--中国 | |
| 电子资源: | ||
| ISBN: | 7-5360-2341-3 | |
| 000 | 00526nam0 2200193 45 | |
| 001 | 0011061843 | |
| 005 | 20001106183852.4 | |
| 010 | @a7-5360-2341-3@d49.00元 | |
| 100 | @a20001106d km y0chiy0120 ea | |
| 101 | 0 | @achi |
| 105 | @a z 000yy | |
| 200 | 1 | @a封神演义 上@AFeng Shen Yan Yi Shang@f许仲琳编@FXu Zhong Lin Bian |
| 210 | @a广州@c花城出版社 | |
| 215 | @a639页@d32开 | |
| 606 | 0 | @a小说@x中国 |
| 690 | @aI242.4@v3 | |
| 701 | 0 | @a许仲琳@4编 |
| 801 | @aCN@bPftUser@c20001106 | |
| 905 | @b199893-901@dI242.4@eX467:1@f9 | |
| 封神演义 上/许仲琳编.-广州:花城出版社 |
| 639页;32开 |
| ISBN 7-5360-2341-3:49.00元 |
| ● |
| 相关链接 |
|
|
|
正题名:封神演义 上
索取号:I242.4/X467:1
 
预约/预借
| 序号 | 登录号 | 条形码 | 馆藏地/架位号 | 状态 | 备注 |
| 1 | 199893 | 201998936 | 文学库108/ [索取号:I242.4/X467:1] | 在馆 | |
| 2 | 199894 | 201998945 | 社科二线422/422社科库 16排1列5层/ [索取号:I242.4/X467:1] | 在馆 | |
| 3 | 199895 | 201998954 | 文学库108/ [索取号:I242.4/X467:1] | 在馆 | |
| 4 | 199896 | 201998963 | 社科二线422/422社科库 16排2列2层/ [索取号:I242.4/X467:1] | 在馆 | |
| 5 | 199897 | 201998972 | 社科二线422/422社科库 16排1列5层/ [索取号:I242.4/X467:1] | 在馆 | |
| 6 | 199898 | 201998981 | 社科二线400B/400B社科库 22排3列2层/ [索取号:I242.4/X467:1] | 在馆 | |
| 7 | 199899 | 201998990 | 社科二线400B/400B社科库 14排2列4层/ [索取号:I242.4/X467:1] | 在馆 | |
| 8 | 199900 | 201999007 | 文学库108/ [索取号:I242.4/X467:1] | 在馆 | |
| 9 | 199901 | 201999016 | 文学库108/422社科库 16排1列5层/ [索取号:I242.4/X467:1] | 在馆 |